1374 1365 1622 1307 1762 1550 1498 1893 1362 1575 1091 1213 1353 1473 1889 1119 1625 1151 1394 1291 1988 1047 1676 1064 1543 1742 1611 1988 1739 1582 1663 1891 1186 1533 1501 1735 1664 1975 1722 1378 1678 1899 1073 1253 1346 1441 1536 1296 1374 1301 1653 1364 1818 1658 1378 1805 1155 1344 1589 1041 1432 1945 1814 1689 1069 1063 1026 1039 1766 1385 1733 1199 1892 1116 1141 1417 1640 1541 1602 1642 1221 1394 1132 1093 1131 1042 1667 1752 1786 1039 1026 1501 1818 1121 1273 1090 1468 1742 1919 BCNSPRNW ULIB Ver.6.0+V

เปลี่ยนเป็นภาษาไทย

Change to English
 แสดงรายละเอียดบรรณานุกรม
  กลับหน้าหลัก

Brief Record : Get Marc (ISO 2709) : E-mail record : QR code < ปิดหน้าต่าง
LEADER : 00000nam 2200000uu 4500
001    13399120808
003     ULIB
008    121017s2551||||th 000 0 tha d
020    ^a9789746723244(ล.1)
060  4 ^aWS113^bน578ก ล.1
100 0  ^aนิตยา ไทยาภิรมย์
110 1  ^aมหาวิทยาลัยเชียงใหม่^bคณะแพทย์ศาสตร์
245 00 ^aการสร้างเสริมสุขภาพเด็ก เล่ม1/^cบรรณาธิการ นิตยา ไทยาภิรมย์
250    ^aพิมพ์ครั้งที่ 1
260    ^aเชียงใหม่:^bมหาวิทยาลัยเชียงใหม่,^c2551
300    ^a111 หน้า
650  7 ^aเด็ก^xการเจริญเติบโต
650  7 ^aเด็ก^xการสร้างเสริมสุขภาพ
650  7 ^aเด็ก^xพัฒนาการ
650  7 ^aสุขภาพเด็ก
700 0  ^aนิตยา ไทยาภิรมย์,^eบรรณาธิการ
710 1  ^aมหาวิทยาลัยเชียงใหม่^bคณะแพทย์ศาสตร์
945    ^p180^l0^i15509
945    ^p180^l0^i15510
945    ^p180^l0^i15511
995    ^aทศพร
999    ^aทศพร เกษรทอง
รายการนี้ยังไม่มีแท็ก
คุณยังไม่ได้ล็อกอิน คุณสามารถมีกิจกรรมร่วมกับเว็บไซต์ได้ แต่ต้องล็อกอินก่อน ::
  ล็อกอิน

รายการสื่อสารสนเทศ

ลำดับที่ ประเภท เลขเรียก/บาร์โค้ด สถานที่ สถานะ
1. วิทยาศาสตร์การแพทย์ และสุขภาพ
วิทยาศาสตร์การแพทย์ และสุขภาพ
WS113 น578ก ล.1 ฉ.1 
  Barcode: 15509
ห้องสมุดวิทยาเขตสวรรค์ประชารักษ์
►ส่วนจัดเก็บหนังสือเก่า สปร
บนชั้น
  ขอยืม
2. วิทยาศาสตร์การแพทย์ และสุขภาพ
วิทยาศาสตร์การแพทย์ และสุขภาพ
WS113 น578ก ล.1 ฉ.2 
  Barcode: 15510
ห้องสมุดวิทยาเขตสวรรค์ประชารักษ์
►ส่วนจัดเก็บหนังสือเก่า สปร
บนชั้น
  ขอยืม
3. วิทยาศาสตร์การแพทย์ และสุขภาพ
วิทยาศาสตร์การแพทย์ และสุขภาพ
WS113 น578ก ล.1 ฉ.3 
  Barcode: 15511
ห้องสมุดวิทยาเขตสวรรค์ประชารักษ์
►ส่วนจัดเก็บหนังสือเก่า สปร
บนชั้น
  ขอยืม

รายการใกล้เคียง
    ผู้แต่ง [นิตยา ไทยาภิรมย์]

    หัวเรื่อง [สุขภาพเด็ก]

BibComment


ยังไม่เคยถูกคอมเมนท์

คอมเมนท์ทรัพยากรรายการนี้
  คอมเมนท์: การสร้างเสริมสุข..


 Copyright 2026. Bcnsprnw @Library